000 00681nam a2200265Ia 4500
005 20260121161450.0
008 008 260114s9999 xx 000 0 eng d
020 _a9781003237020
037 _aEBOOK
040 _aCRL
040 _beng
040 _cCRL
041 _2eng
041 _aeng
084 _qCRL
100 _aParenting Gifted Children
_91045244
245 0 _aJennifer L. Jolly; Donald J. Treffinger; Tracy Ford Inman
260 _bTaylor and Francis
260 _c2010
650 _aPsychological Science
_91045245
856 _uhttp://www.taylorfrancis.com/books/9781003237020
942 _cEBOOK
999 _c1611030
_d1611030